| 000 | 00739cam a22002414a 4500 | ||
|---|---|---|---|
| 008 | |||
| 020 | _a0700717005 (HB) | ||
| 090 | 0 | 0 | _aNA2543.I74 |
| 100 | 1 | _aMortada, Hisham. | |
| 245 | 1 | 0 |
_aTraditional Islamic principles of built environment / _cHisham Mortada. |
| 260 |
_aLondon ; _aNew York : _bRoutledgeCurzon, _c2003. |
||
| 300 |
_axx, 186 p. : _bill., maps ; _c25 cm. |
||
| 504 | _aIncludes bibliographical references | ||
| 500 | _aIncludes index. | ||
| 650 | 0 | _aIslam and architecture. | |
| 650 | 0 | _aIslamic cities and towns. | |
| 907 |
_a.b10208689 _b23-04-12 _c02-08-06 |
||
| 003 | |||
| 005 | 20230120131032.0 | ||
| 040 | _cNUST | ||
| 049 | _aMAIN | ||
| 942 |
_cBOOKS _kNA2543.I74 |
||
| 999 |
_c95703 _d95703 |
||